000 00750nam a2200241Ia 4500
003 OSt
005 20220923221951.0
006 a|||||r|||| 00| 0
007 ta
008 220922b |||||||| |||| 00| 0 hin d
024 _a201,348
037 _cTextual
040 _aARTS
_cARTS
_bhin
041 _2hin
_ahin
082 _aV2:51y7M, 152L1
100 _aजैन, अक्षय कुमार
245 0 _aयाद रही मुलाकाते
246 _aYād rahī mulākāte
260 _aदिल्ली
_b राजपाल एण्ड संस
_c1971
300 _a152पृ.
_ccm.
942 _hV2:51y7M, 152L1
_cTEXL
_2CC
999 _c353001
_d353001